书目信息 |
| 题名: |
域外汉籍研究集刊
|
|
| 作者: | 金程宇 编 | |
| 分册: | 第二十七辑 | |
| 出版信息: | 北京 中华书局 2024.06 |
|
| 页数: | 406页 | |
| 开本: | 23cm | |
| 丛书名: | ||
| 单 册: | ||
| 中图分类: | K207.8-55 | |
| 科图分类: | ||
| 主题词: | 汉学--研究--国外--丛刊 | |
| 电子资源: | ||
| ISBN: | 978-7-101-15052-0 | |
| 000 | 01285nam0 2200241 450 | |
| 001 | 012703131 | |
| 005 | 20251022201532.10 | |
| 010 | @a978-7-101-15052-0@dCNY128.00 | |
| 100 | @a20240911d2024 em y0chiy0120 ea | |
| 101 | 0 | @achi |
| 102 | @aCN@b110000 | |
| 105 | @ay z 000yy | |
| 106 | @ar | |
| 200 | 1 | @a域外汉籍研究集刊@9yu wai han ji yan jiu ji kan@h第二十七辑@f金程宇编 |
| 210 | @a北京@c中华书局@d2024.06 | |
| 215 | @a406页@d23cm | |
| 300 | @a国家“双一流”擬建设学科“南京大学中国语言文学艺术”资助项目 江苏高校优势学科建设工程“南京大学中国语言文学”资金项目 江苏省2011协同创新中心“中国文学与东亚文明”资助项目 | |
| 330 | @a本集刊以学术研究为主,内容主要为域外汉籍中有关语言、文学、历史、宗教、思想研究的学术论文及译作。本辑有日本汉籍研究、朝鲜-韩国汉籍研究、域外古逸汉籍研究、域外汉学译丛、汉籍交流研究五个专题,涉及域外佚存的中国经、史、子、集四部汉籍的佚文辑佚、版本考证、文献价值及思想理论方面的研究。文章有周健强《从类聚和名到参酌四库——中国古典小说目录在日本的发展》、郭帅《日藏金泽本〈春秋经传集解〉卷旁校记新探》、任健《古逸咏物诗集〈晚香园梅诗〉在日本的刊刻与受容》等。 | |
| 606 | 0 | @a汉学@x研究@x国外@j丛刊 |
| 690 | @aK207.8-55@v5 | |
| 701 | 0 | @a金程宇@9jin cheng yu@4编 |
| 801 | 0 | @aCN@c20250911 |
| 905 | @a河南城建学院图书馆@dK207.8@eZ674:27@ZZ674:27@f1 | |
| 域外汉籍研究集刊.第二十七辑/金程宇编.-北京:中华书局,2024.06 |
| 406页;23cm |
| 国家“双一流”擬建设学科“南京大学中国语言文学艺术”资助项目 江苏高校优势学科建设工程“南京大学中国语言文学”资金项目 江苏省2011协同创新中心“中国文学与东亚文明”资助项目 |
| ISBN 978-7-101-15052-0:CNY128.00 |
| 本集刊以学术研究为主,内容主要为域外汉籍中有关语言、文学、历史、宗教、思想研究的学术论文及译作。本辑有日本汉籍研究、朝鲜-韩国汉籍研究、域外古逸汉籍研究、域外汉学译丛、汉籍交流研究五个专题,涉及域外佚存的中国经、史、子、集四部汉籍的佚文辑佚、版本考证、文献价值及思想理论方面的研究。文章有周健强《从类聚和名到参酌四库——中国古典小说目录在日本的发展》、郭帅《日藏金泽本〈春秋经传集解〉卷旁校记新探》、任健《古逸咏物诗集〈晚香园梅诗〉在日本的刊刻与受容》等。 |
| ● |
| 相关链接 |
|
|
|
正题名:域外汉籍研究集刊
索取号:K207.8/Z674:27
 
预约/预借
| 序号 | 登录号 | 条形码 | 馆藏地/架位号 | 状态 | 备注 |
| 1 | 1635381 | 216353817 | 社科库309/309社科库 31排3列1层/ [索取号:K207.8/Z674:27] | 在馆 |